00752aam a2200277 450000500170000000800410001704100140005808200160007210000250008824500890011326000140020226000150021626000090023130000180024065000280025865000120028665000120029865000160031065000230032665000190034965000160036865000150038465000250039965000290042465000210045320161114143104.0150716b xxu||||| |||| 00| 0 spa d aEspañol a155.67 J83s aJoselevich, Estrella a¿Soy un adulto con AD/HD? comprensión y estrategias para la vida cotidiana  aArgentina bPaidós  c2006 a292 páginas aTRANSTORNOS DE ATENCION aADULTOS aENTORNO aDIAGNOSTICO aDEFICIT ATENCIONAL aHIPERACTIVIDAD aFRUSTRACION aAUTOESTIMA aTRASTORNOS BIPOLARES aPROBLEMAS DE APRENDIZAJE aHIPERREACCIONES